[Event "Jakarta Hayandra"]
[Site "Jakarta"]
[Date "2020.10.25"]
[Round "9"]
[White "Hendry, Y Heriyanto"]
[Black "Supriyono, Eko"]
[Result "1/2-1/2"]
[WhiteElo "2100"]
[BlackElo "2198"]
[PlyCount "77"]
[EventDate "2020.10.21"]
[EventType "tourn"]
[EventRounds "10"]
[EventCountry "INA"]
[SourceTitle "CBM 199 Extra"]
[Source "ChessBase"]
[SourceDate "2021.01.31"]
[SourceVersion "1"]
[SourceVersionDate "2021.01.31"]
[SourceQuality "1"]

1. Nf3 d5 2. g3 Bf5 3. Bg2 e6 4. d4 h6 5. 0-0 Nf6 6. c4 c6 7. Qb3 Qb6 8. c5 Qc7 9. Nc3 Nbd7 10. Bf4 Qc8 11. Rac1 g5 12. Be5 Nxe5 13. Nxe5 Bg7 14. f3 0-0 15. e3 Qc7 16. Ne2 Nd7 17. Nxd7 Qxd7 18. g4 Bg6 19. f4 f5 20. h3 fxg4 21. hxg4 Qe7 22. Rcd1 h5 23. Bh3 Bh6 24. Rf2 Be4 25. Rdf1 Kh8 26. Ng3 gxf4 27. Nxe4 fxe3 28. Rf6 e2 29. Rxh6+ Kg7 30. Re1 Kxh6 31. Qe3+ Kg6 32. gxh5+ Kg7 33. Ng5 Rg8 34. Bg2 Qf6 35. Rxe2 Kh8 36. Qe5 Raf8 37. Nxe6 Qxe5 38. Rxe5 Rf3 39. b3 1/2-1/2

[Event "Jakarta Hayandra"]
[Site "Jakarta"]
[Date "2020.10.23"]
[Round "6"]
[White "Hendry, Y Heriyanto"]
[Black "Sumardi, Saidul Ula"]
[Result "1/2-1/2"]
[WhiteElo "2100"]
[BlackElo "2109"]
[PlyCount "44"]
[EventDate "2020.10.21"]
[EventType "tourn"]
[EventRounds "10"]
[EventCountry "INA"]
[SourceTitle "CBM 199 Extra"]
[Source "ChessBase"]
[SourceDate "2021.01.31"]
[SourceVersion "1"]
[SourceVersionDate "2021.01.31"]
[SourceQuality "1"]

1. Nf3 d5 2. d4 Nc6 3. g3 Nf6 4. Bg2 Bf5 5. c3 e6 6. Bf4 Bd6 7. Bxd6 Qxd6 8. Qb3 Rb8 9. Nbd2 h6 10. 0-0 0-0 11. Rfe1 Ne4 12. e3 b5 13. Nxe4 Bxe4 14. Nd2 Bxg2 15. Kxg2 Na5 16. Qc2 c5 17. dxc5 Qxc5 18. Nb3 Qc7 19. Nxa5 Qxa5 20. Red1 Rfd8 21. a3 Qc7 22. Qe2 Qc4 1/2-1/2

[Event "Jakarta Peduli"]
[Site "Jakarta"]
[Date "2020.10.11"]
[Round "10"]
[White "Malik, Jan Adiar"]
[Black "Hendry, Y Heriyanto"]
[Result "1/2-1/2"]
[WhiteElo "1857"]
[BlackElo "2100"]
[PlyCount "55"]
[EventDate "2020.10.03"]
[EventType "tourn"]
[EventRounds "10"]
[EventCountry "INA"]
[SourceTitle "EXT 2022"]
[Source "ChessBase"]
[SourceDate "2021.10.06"]
[SourceVersion "1"]
[SourceVersionDate "2021.10.06"]
[SourceQuality "1"]

1. e4 e5 2. Nf3 Nf6 3. Nxe5 d6 4. Nf3 Nxe4 5. Nc3 Nxc3 6. dxc3 Be7 7. Be3 Nc6 8. Qd2 Be6 9. c4 Bf6 10. 0-0-0 Qe7 11. Bd3 a6 12. Kb1 0-0-0 13. Rhe1 h6 14. Be4 Qd7 15. Bd5 Rhe8 16. Nd4 Bxd5 17. cxd5 Nxd4 18. Bxd4 Qf5 19. Bxf6 Qxf6 20. Re3 Re5 21. Rf3 Qg5 22. Qxg5 Rxg5 23. g3 f6 24. Re3 Re5 25. Rdd3 Rde8 26. Kc1 Kd7 27. Kd2 g5 28. h3 1/2-1/2

[Event "Jakarta Tunas Jaya I"]
[Site "Jakarta"]
[Date "2018.07.13"]
[Round "5.8"]
[White "Panggabean, Hasian"]
[Black "Hendry, Y Heriyanto"]
[Result "1-0"]
[WhiteElo "2114"]
[BlackElo "2017"]
[PlyCount "118"]
[EventDate "2018.07.11"]
[EventType "swiss"]
[EventRounds "9"]
[EventCountry "INA"]
[SourceTitle "EXT 2024"]
[Source "ChessBase"]
[SourceDate "2023.10.10"]
[SourceVersion "1"]
[SourceVersionDate "2023.10.10"]
[SourceQuality "1"]

1. d4 Nf6 2. Nf3 e6 3. c4 c5 4. Nc3 cxd4 5. Nxd4 Nc6 6. e3 Be7 7. Be2 a6 8. b3 Bb4 9. Bd2 0-0 10. Nc2 Bd6 11. 0-0 b6 12. Nd4 Qc7 13. h3 Bb7 14. Nxc6 dxc6 15. Bf3 Rad8 16. Qe2 Rd7 17. Rfd1 Rfd8 18. Be1 c5 19. Rac1 h6 20. Bxb7 Qxb7 21. Qf3 Qxf3 22. gxf3 Be5 23. Rxd7 Rxd7 24. Na4 Bc7 25. Kf1 Nh7 26. Ke2 Ng5 27. h4 Nh7 28. Bc3 f6 29. f4 Nf8 30. h5 Kf7 31. a3 Rd6 32. Bb2 Nd7 33. Nc3 Nb8 34. Ne4 Rd8 35. b4 Nd7 36. Rd1 f5 37. Nd2 cxb4 38. axb4 a5 39. b5 Nf6 40. Rh1 Bd6 41. Bd4 Nd7 42. Rg1 Bf8 43. Nf3 Rc8 44. Kd3 Nc5+ 45. Bxc5 Bxc5 46. Ne5+ Kg8 47. Nc6 a4 48. Kc3 Ra8 49. Rd1 Kf8 50. Nd8 Ke7 51. Nc6+ Ke8 52. Ne5 Ba3 53. Nd3 Kd7 54. Ne5+ Kc7 55. Nd3 Be7 56. f3 Ba3 57. e4 Kd6 58. e5+ Kc7 59. Nb2 Bc5 1-0